000 01834cam a2200361 a 4500
001 15690163
003 OSt
005 20140310182728.0
008 090407s2009 nyu b 001 0 eng
010 _a 2009014097
020 _a9780393705706 (pbk.)
040 _aDLC
_cDLC
_dDLC
050 0 0 _aRJ 499
_b.M285 2009
100 1 _aMarsh, Diane T.
245 1 0 _aHow to talk to families about child and adolescent mental illness /
_cDiane T. Marsh and Melissa J. Marks.
260 _aNew York :
_bW.W. Norton & Co.,
_c2009.
300 _a252 p. ;
_c21 cm.
490 0 _aHow to talk series
500 _a"A Norton professional book."
504 _aIncludes bibliographical references (p. [225]-238) and index.
505 1 _aThe family experience of mental illness -- Helping families cope with the mental health system -- Helping families understand the educational system -- Helping families cope with the educational system -- Helping families cope with mental illness -- Talking to families about anxiety disorders -- Talking to families about depression -- Talking to families about bipolar disorder -- Talking to families about schizophrenia -- Effective family-focused services -- Planning for the future.
521 _aEDU
650 0 _aMentally ill children.
650 0 _aParents of mentally ill children
_xServices for.
650 0 _aFamilies of the mentally ill
_xServices for.
650 0 _aMentally ill children
_xFamily relationships.
650 0 _aMentally ill children
_xCare.
700 1 _aMarks, Melissa J.
906 _a7
_bcbc
_corignew
_d1
_eecip
_f20
_gy-gencatlg
942 _2lcc
_cBK
_kFOR
999 _c15425
_d15425